000
00313pab a2200133 454500
008
180718b xxu||||| |||| 00| 0 eng d
100
_a
Dhanoa S.S.
245
_a
What price multimember EC?
362
_a
4 Oct 93, p.8
650
_a
Election Commission
650
_a
Elections
773
_a
Tribune
909
_a
25809
999
_c
25809
_d
25809